| 000 | 00527nam a2200193Ia 4500 | ||
|---|---|---|---|
| 003 | GCL | ||
| 008 | 140319s9999 xx 000 0 eng d | ||
| 040 |
_aGCL / _cGCL |
||
| 082 | 0 | 4 |
_a005.74 _bT M |
| 100 | 1 | _aTINGER, MICHAEL D | |
| 245 | 1 | 0 |
_aMASTERING ALPHA FOUR: VERSION 3 / _cTINGER, MICHAEL D |
| 700 | 1 | _aPALMER,SCOTT D | |
| 260 |
_a[S.N] : _bSYBEX INC. ، _c1994 |
||
| 300 | _a74 | ||
| 650 | 0 | 4 | _aELECTRONIC DATA PROCESSING |
| 650 | 0 | 4 | _aRELATIONAL DATA BASES |
| 650 | 0 | 4 | _aDATA BASE MANAGEMENT |
| 942 |
_2ddc _cBK |
||
| 999 |
_c16236 _d16236 |
||